000 00557nam a2200181Ia 4500
008 100917s9999 xx 000 0 und d
082 _b41947
100 _aकरानिटकर मा. ना.
245 _aहवेतले मनोरे
260 _bजगताप कारले प्रकाशन
_c---
300 _a44
365 _b1
520 _aबालविभाग
630 _aहवेतले मनोरे
650 _aबालविभाग
730 _aहवेतले मनोरे
942 _cBOOK
999 _c647341
_d647338